| 000 | 00496nam a2200157 a 4500 | ||
|---|---|---|---|
| 008 | 120416s1971 ||||||||||||||||| || u | ||
| 050 | _aPG 2940 Mul | ||
| 100 | _aMuller, V. K | ||
| 245 | 1 | 0 | _aEnglish-Russian dictionary |
| 250 | _a16th Stere | ||
| 260 |
_aMoscow _bSoviet Encyclopedia _c1971 |
||
| 300 | _a912p. | ||
| 350 | _a0.00 | ||
| 650 | _aDICTIONARIES | ||
| 995 |
_D0.00 _FCBU-MAIN LIBRARY (Kitwe) _H1 _I46.00 _M1 _UREFERENCE _ZReference Collection |
||
| 999 |
_c42048 _d42048 |
||